000 00812nam a22002057a 4500
999 _c8188
_d8188
003 AR-CdUCM
008 190322b ||||| |||| 00| 0 spa d
040 _aMUNICIPALIDAD PROVINCIAL DEL CUSCO
_cBIBLIOTECA MUNICIPAL DEL CUSCO
082 _a657.42 /
_bK23
100 _aKaye
_923085
245 _aTécnica de los costos /
260 _aLima :
_bUniverso,
300 _a335 paginas ;
_bCuadros, formulas,
_c20 cm.
505 _aContenido :El costo matemático y el costo derivado del equilibrio -- Contabilidad de costos -- Sistema de inventario permanente contabilidad comercial de pequeña empresa -- El costo de la empresa autosugestionara...
650 _aCostos y presupuestos
_923086
650 _aEmpresa
_9826
650 _aContabilidad de los costos
_923087
942 _2ddc
_cLIBROS
945 _awnts